The Disclosure of Being : (Record no. 64458)

MARC details
000 -LEADER
fixed length control field 00642nam a22001457a 4500
005 - DATE AND TIME OF LATEST TRANSACTION
control field 20180810114919.0
020 ## - INTERNATIONAL STANDARD BOOK NUMBER
International Standard Book Number 8121511720
Terms of availability 650.00
035 ## - SYSTEM CONTROL NUMBER
System control number B-220485, B-220484, B-220487
037 ## - SOURCE OF ACQUISITION
Stock number DPL
Source of stock number/acquisition ENG
100 ## - MAIN ENTRY--PERSONAL NAME
Personal name Pandit,Moti Lal
245 ## - TITLE STATEMENT
Title The Disclosure of Being :
Statement of responsibility, etc by Moti Lal Pandit
Remainder of title A Study of Yogic and Tantric Methods of Enstsasy/
260 ## - PUBLICATION, DISTRIBUTION, ETC. (IMPRINT)
Place of publication, distribution, etc New Delhi
Name of publisher, distributor, etc Munshiram Manoharlal Publishers
Date of publication, distribution, etc 2006
300 ## - PHYSICAL DESCRIPTION
Extent ix,347p.
Dimensions 23 cms.
942 ## - ADDED ENTRY ELEMENTS (KOHA)
Source of classification or shelving scheme Dewey Decimal Classification
Item type English Books
Classification part 235
Call number suffix PAN
Holdings
Withdrawn status Lost status Not for loan Collection code Home library Current library Date acquired Cost, normal purchase price Full call number Barcode Cost, replacement price Koha item type Source of acquisition
      Non-fiction D.B.Act.Division D.B.Act.Division 29/07/2018 650.00 235 PAN B-220484 650.00 English Books BPPD/Pub
      Non-fiction Sarojini Nagar Sarojini Nagar 28/03/2012 650.00 235 PAN B-220485 650.00 English Books  
      Non-fiction Shahdara Branch Shahdara Branch 10/08/2018 650.00 235 PAN B-220487 650.00 English Books BPPD/PUB

© Delhi Public Library
Hit Counter
free hit counter